000 00825nam a2200181Ia 4500
008 151202s9999||||xx |||||||||||||| ||und||
082 _bPNVM-61249
100 _aऑथर हॅली आणि जॉन कॅसेल अनु भट अविनाश.
245 _aफ्लॅाईट इन टू डेंजर.
260 _b"प्राजक्त प्रकाशन, पुणे."
260 _c61249
300 _a128
600 _aऑथर हॅली आणि जॉन कॅसेल अनु भट अविनाश.
630 _aफ्लॅाईट इन टू डेंजर.
700 _aऑथर हॅली आणि जॉन कॅसेल अनु भट अविनाश.
730 _aफ्लॅाईट इन टू डेंजर.
942 _cBOOK
999 _c1327783
_d1327780